An introduction to human resource management /

Đã lưu trong:
書目詳細資料
主要作者: Stredwick, John.
格式: 圖書
語言:English
出版: Boston; Oxford : Butterworth-Heinemann, 2000.
主題:
標簽: 添加標簽
沒有標簽, 成為第一個標記此記錄!
Thư viện lưu trữ: Mạng thư viện Đại học Đà Nẵng
LEADER 00799cam a2200313 i 4500
001 000046281
003 5741
005 20030217113833.0
008 010220|2000 vm 000 eng
020 |a 0750645806 
040 |a IRC  |c IRC  |d IRC 
041 0 |a eng 
082 1 4 |a 658.3  |b ST-J 
100 1 |a Stredwick, John. 
245 0 3 |a An introduction to human resource management /  |c John Stredwick. 
260 |a Boston; Oxford :  |b Butterworth-Heinemann,  |c 2000. 
300 |a xiv, 393p. 
630 0 4 |a Personnel management. 
650 0 4 |a Personnel management. 
OWN |a DUT 
999 |a From the UDN01 
TYP |a Monograph 
TYP |a Printed language 
980 |a Mạng thư viện Đại học Đà Nẵng